Generációváltás a mezőgazdasági vállalkozásoknál

Bibliographic Details
Main Author: Sztaraszta Vivien
Other Authors: Majoros Dr. Pál
Format: Thesis
Kulcsszavak:Generációváltás
Családi vállalkozás
Mezőgazdaság
Interjú
Online Access:http://dolgozattar.uni-bge.hu/18703

MARC

LEADER 00000nta a2200000 i 4500
001 dolg18703
005 20200327102816.0
008 181203suuuu hu om 000 hun d
040 |a BGE Dolgozattár Repozitórium  |b hun 
041 |a hu 
100 1 |a Sztaraszta Vivien 
245 1 0 |a Generációváltás a mezőgazdasági vállalkozásoknál  |c Sztaraszta Vivien  |h [elektronikus dokumentum] 
695 |a Generációváltás 
695 |a Családi vállalkozás 
695 |a Mezőgazdaság 
695 |a Interjú 
700 1 |a Majoros Dr. Pál  |e ths 
856 4 0 |u http://dolgozattar.uni-bge.hu/18703/1/Sztaraszta%20Vivien-%20Gener%C3%A1ci%C3%B3v%C3%A1lt%C3%A1s%20a%20mez%C5%91gazdas%C3%A1gi%20v%C3%A1llalkoz%C3%A1sokn%C3%A1l.pdf  |z Dokumentum-elérés